000 00712nam a2200241 4500
003 OSt
005 20260530115309.0
008 260421b1981 sp a|||| |||| 00| 0 spa d
020 _a9685801894
040 _aICI
_bspa
_cICI
050 _aT20
_bA37
100 1 _aSantiago, Amado,
_932533
245 1 0 _aInvenovación /
_cAmado Santiago
264 1 _bUNAM, Coordinacion de Humanidades, Centro de Estudios Sobre la Universidad,
_c1981
_aMéxico :
300 _a151 páginas
_c22.85 cm
336 _atexto
_2rdacontent
337 _asin medio
_2rdamedia
338 _avolumen
_2rdacarrier
650 4 _aInventos
650 4 _aInnovaciones tecnológicas
650 4 _aDifusión de innovaciones
942 _2lcc
_cBK
999 _c13257
_d13257